| 000 | 00801nam a2200253Ia 4500 | ||
|---|---|---|---|
| 003 | OSt | ||
| 005 | 20220923222745.0 | ||
| 006 | a|||||r|||| 00| 0 | ||
| 007 | ta | ||
| 008 | 220922b |||||||| |||| 00| 0 hin d | ||
| 024 | _a207,459 | ||
| 037 | _cTextual | ||
| 040 |
_aARTS _cARTS _bhin |
||
| 041 |
_2hin _ahin |
||
| 082 | _aO152,3NMAx, J4 | ||
| 100 |
_aमल्लिक, सत्यवती _9156271 |
||
| 245 | 0 | _aअमर पथ | |
| 246 | _aAmar patha | ||
| 260 |
_aअम्बाला _b अत्तरचंद कपूर एंड सन्स _c1954 |
||
| 300 |
_a123पृ. _ccm. |
||
| 650 |
_aहिन्दी साहित्य _9156264 |
||
| 942 |
_hO152,3NMAx, J4 _cTEXL _2CC |
||
| 999 |
_c358076 _d358076 |
||